Normal view
MARC view
Entry Personal Name
001 - CONTROL NUMBER
- control field: 19416
003 - CONTROL NUMBER IDENTIFIER
- control field: OSt
005 - DATE AND TIME OF LATEST TRANSACTION
- control field: 20251008101418.0
008 - FIXED-LENGTH DATA ELEMENTS
- fixed length control field: 251008|| aca||aabn | a|a d
040 ## - CATALOGING SOURCE
- Original cataloging agency: OSt
- Transcribing agency: OSt
100 ## - HEADING--PERSONAL NAME
- Personal name: Bowling , Brad
670 ## - SOURCE DATA FOUND
- Source citation: Work cat.: (OSt)9540: Kanski Jack J 337, Opthalmology in focus/ , c2005
